000 00553nam a22001817a 4500
003 UA-OsUOA
001 17026
007 ta
008 20040207b un ||||| |||| 00| 0 ukr d
100 _aВойцешко Я.
942 _cSA
040 _aUA-OsUOA
_cUA-OsUOA
_dUA-OsUOA
245 _aВід Туви - до України
_b[Визволення обл. тувин. добровольцями у 1944 р.]
300 _aС.4
955 _a0
773 0 _w0
_tВільне слово
_dРівне
_d2004
_g№9/30 січ./
650 7 _aІсторія
_2UDC
999 _c303194
_d303194